[Event "LAT-ch"]
[Site "Riga"]
[Date "2019.05.01"]
[Round "3"]
[White "Rasa, Gints"]
[Black "Semjonovs, Ilja"]
[Result "1-0"]
[WhiteElo "2167"]
[BlackElo "2404"]
[PlyCount "77"]
[EventDate "2019.04.29"]
[EventType "swiss"]
[EventRounds "9"]
[EventCountry "LAT"]
[SourceTitle "CBM 190 Extra"]
[Source "ChessBase"]
[SourceDate "2019.07.15"]
[SourceVersion "1"]
[SourceVersionDate "2019.07.15"]
[SourceQuality "1"]

1. e4 c5 2. Nf3 d6 3. c3 Nf6 4. Bb5+ Nbd7 5. Qe2 a6 6. Ba4 b5 7. Bc2 Bb7 8. d4 cxd4 9. cxd4 e5 10. d5 Rc8 11. a3 Be7 12. 0-0 0-0 13. Nc3 Nb6 14. Kh1 Nfd7 15. g4 g6 16. Rg1 Kh8 17. Rg3 f5 18. gxf5 gxf5 19. Bh6 Bf6 20. Bxf8 Qxf8 21. Rag1 Qe7 22. Ng5 fxe4 23. Bxe4 Bxg5 24. Rxg5 Nf6 25. Qd3 Nxe4 26. Qxe4 Qf7 27. Rg7 Qxg7 28. Rxg7 Kxg7 29. Qg4+ Kf8 30. Qf5+ Kg7 31. Qe6 Rf8 32. Qxd6 Nc4 33. Qe7+ Rf7 34. Qg5+ Kf8 35. b3 Nxa3 36. Qxe5 Nc2 37. Kg1 b4 38. Ne4 Ne1 39. Ng5 1-0

[Event "LAT-ch"]
[Site "Riga"]
[Date "2018.05.04"]
[Round "7"]
[White "Rasa, Gints"]
[Black "Pogrebnojs, Dmitrijs"]
[Result "1/2-1/2"]
[WhiteElo "2187"]
[BlackElo "2099"]
[PlyCount "42"]
[EventDate "2018.04.30"]
[EventType "swiss"]
[EventRounds "9"]
[EventCountry "LAT"]
[SourceTitle "CBM 184 Extra"]
[Source "ChessBase"]
[SourceDate "2018.06.28"]
[SourceVersion "1"]
[SourceVersionDate "2018.06.28"]
[SourceQuality "1"]

1. e4 Nf6 2. Nc3 d5 3. e5 d4 4. exf6 dxc3 5. bxc3 exf6 6. d4 Bd6 7. Bd3 0-0 8. Ne2 Re8 9. 0-0 Nd7 10. Bf4 Nf8 11. Bxd6 Qxd6 12. Ng3 b6 13. Qf3 Rb8 14. Nf5 Bxf5 15. Qxf5 g6 16. Qf3 f5 17. Rfd1 Ne6 18. a4 a5 19. h4 Qf4 20. Qxf4 Nxf4 21. Kf1 Nd5 1/2-1/2

[Event "Jurmala Termo Eko Cup 12th"]
[Site "Jurmala"]
[Date "2018.02.17"]
[Round "5"]
[White "Rasa, Gints"]
[Black "Tokranovs, Dmitrijs"]
[Result "0-1"]
[WhiteElo "2161"]
[BlackElo "2361"]
[PlyCount "106"]
[EventDate "2018.02.14"]
[EventType "swiss"]
[EventRounds "7"]
[EventCountry "LAT"]
[SourceTitle "CBM 182 Extra"]
[Source "ChessBase"]
[SourceDate "2018.02.23"]
[SourceVersion "1"]
[SourceVersionDate "2018.02.23"]
[SourceQuality "1"]

1. e4 Nf6 2. Nc3 d5 3. exd5 Nxd5 4. Bc4 Nxc3 5. Qf3 e6 6. Qxc3 a6 7. a4 c5 8. Nf3 Nc6 9. 0-0 Qf6 10. Qxf6 gxf6 11. c3 Bd7 12. d4 cxd4 13. Nxd4 Nxd4 14. cxd4 Bc6 15. Be3 Rd8 16. Rfc1 Rg8 17. g3 Be4 18. Bf1 Bd6 19. Bg2 Bxg2 20. Kxg2 Kd7 21. Kf3 Rc8 22. Ke4 f5+ 23. Kd3 Rxc1 24. Rxc1 h5 25. f4 h4 26. Bf2 hxg3 27. Bxg3 Rg4 28. Ke3 Be7 29. b3 Bh4 30. Kf3 Bxg3 31. hxg3 Rg8 32. Rc4 Kd6 33. Rb4 Kc6 34. Rc4+ Kd6 35. Rb4 Rb8 36. a5 Kc6 37. g4 fxg4+ 38. Kxg4 Rd8 39. Kf3 Rd5 40. Rc4+ Kd6 41. b4 Rh5 42. Kg4 Rb5 43. Kf3 Kd5 44. Rc7 f5 45. Rd7+ Kc6 46. Re7 Kd6 47. Re8 Rxb4 48. Rd8+ Kc7 49. Re8 Rxd4 50. Rxe6 Rd5 51. Re7+ Kc6 52. Re6+ Kd7 53. Re5 Kd6 0-1

[Event "LAT-ch"]
[Site "Riga"]
[Date "2016.05.01"]
[Round "3"]
[White "Krivonosov, Oleg"]
[Black "Rasa, Gints"]
[Result "1-0"]
[WhiteElo "2464"]
[BlackElo "2129"]
[PlyCount "81"]
[EventDate "2016.04.30"]
[EventType "swiss"]
[EventRounds "9"]
[EventCountry "LAT"]
[SourceTitle "CBM 172 Extra"]
[Source "ChessBase"]
[SourceDate "2016.06.21"]
[SourceVersion "1"]
[SourceVersionDate "2016.06.21"]
[SourceQuality "1"]

1. Nf3 Nf6 2. c4 c5 3. Nc3 e6 4. g3 b6 5. Bg2 Bb7 6. 0-0 Be7 7. d4 cxd4 8. Qxd4 Nc6 9. Qf4 0-0 10. Rd1 Qc8 11. b3 Rd8 12. Bb2 d6 13. Rac1 Qb8 14. Nb5 d5 15. Qxb8 Raxb8 16. Ne5 a6 17. Nxc6 Bxc6 18. Na7 Ba8 19. cxd5 Nxd5 20. Be5 Bd6 21. Bxd6 Rxd6 22. Rc8+ Rxc8 23. Nxc8 Rd7 24. Bxd5 Bxd5 25. Nxb6 Rd6 26. Nxd5 exd5 27. Rd4 Kf8 28. e4 Ke7 29. exd5 Rb6 30. f4 Kd6 31. Kf2 Rb5 32. Ke3 Rc5 33. Ra4 a5 34. Rc4 Rb5 35. Ke4 g6 36. Rc6+ Kd7 37. Ra6 Rc5 38. Ke5 Rc2 39. Rxa5 Rxh2 40. Ra7+ Ke8 41. Kf6 1-0

[Event "LAT-ch"]
[Site "Riga"]
[Date "2013.04.16"]
[Round "5"]
[White "Rasa, Gints"]
[Black "Lavendelis, Egons"]
[Result "0-1"]
[WhiteElo "2085"]
[BlackElo "2337"]
[PlyCount "66"]
[EventDate "2013.04.13"]
[EventType "swiss"]
[EventRounds "9"]
[EventCountry "LAT"]
[SourceTitle "CBM 154 Extra"]
[Source "ChessBase"]
[SourceDate "2013.06.25"]
[SourceVersion "2"]
[SourceVersionDate "2013.06.25"]
[SourceQuality "1"]

1. e4 c5 2. Nf3 Nc6 3. b3 e5 4. Bb2 d6 5. Nc3 f5 6. Bd3 g6 7. Nd5 Nf6 8. Nxf6+ Qxf6 9. Qe2 Bg7 10. 0-0-0 Bd7 11. h4 0-0-0 12. h5 Nb4 13. a3 Nxd3+ 14. Qxd3 Bc6 15. exf5 gxf5 16. Nh4 Rhf8 17. f4 Qe6 18. fxe5 dxe5 19. Qh3 Bh6 20. Qc3 Rd5 21. Qa5 c4 22. Qxa7 cxb3 23. c4 Rd3 24. Qc5 e4 25. Kb1 f4 26. Qe5 Qxe5 27. Bxe5 Bg5 28. Rh2 f3 29. gxf3 exf3 30. Bg3 Be4 31. Kc1 Bf6 32. Re1 b2+ 33. Kc2 Re3+ 0-1

[Event "LAT-ch"]
[Site "Riga"]
[Date "2013.04.14"]
[Round "3"]
[White "Bernotas, Arturs"]
[Black "Rasa, Gints"]
[Result "1-0"]
[WhiteElo "2268"]
[BlackElo "2085"]
[PlyCount "109"]
[EventDate "2013.04.13"]
[EventType "swiss"]
[EventRounds "9"]
[EventCountry "LAT"]
[SourceTitle "CBM 154 Extra"]
[Source "ChessBase"]
[SourceDate "2013.06.25"]
[SourceVersion "2"]
[SourceVersionDate "2013.06.25"]
[SourceQuality "1"]

1. e4 c5 2. Nf3 Nc6 3. Bb5 g6 4. 0-0 Bg7 5. Re1 e5 6. Bxc6 dxc6 7. d3 Ne7 8. Be3 b6 9. Qc1 0-0 10. a3 Qc7 11. Bh6 f6 12. Bxg7 Kxg7 13. Nc3 Be6 14. Qe3 Rfd8 15. Nd2 Rd4 16. Ne2 Rd7 17. f4 Bf7 18. Nf3 exf4 19. Nxf4 g5 20. Ne2 Ng6 21. Ng3 Ne5 22. Rf1 Bg6 23. Nd2 Qd6 24. Nf5+ Bxf5 25. Rxf5 Qd4 26. Qxd4 cxd4 27. a4 a5 28. Nf1 Kg6 29. h3 h5 30. Nd2 h4 31. Raf1 Rd6 32. Kf2 Re8 33. Ke2 Rb8 34. b3 Rb7 35. R1f2 Re7 36. Rf1 c5 37. R1f2 Ree6 38. Kf1 Re7 39. Kg1 Re8 40. Kh2 Rh8 41. g3 g4 42. Nc4 hxg3+ 43. Kxg3 Rxh3+ 44. Kf4 Nxc4 45. bxc4 Rh1 46. Kxg4 Rg1+ 47. Kf4 Re6 48. Rd5 Rc6 49. Rd7 Re6 50. Rb7 Rd6 51. Rh2 Rf1+ 52. Kg4 Rg1+ 53. Kf3 Rf1+ 54. Ke2 Rg1 55. Rhh7 1-0